000
00212nam a22000857a 4500
008
160811b xxu||||| |||| 00| 0 eng d
100
_9
113
_a
Burnett F.H
245
_a
The Secret Garden
260
_a
New York
_b
Baronet Book
999
_c
2767
_d
2767